000 00235nam a2200085 4500
001 1237216
005 20251003085015.0
245 _aHAYALLER ALEMİNDE MUHAYYELAT GİRİLTİLİ AZİZ EFENDİ
_cAHMET KABAKLI
260 _bTÜRK EDEBİYET VAKFI
999 _c1237216
_d1237216